Le Bon Nombre - Culture Générale #2 - Statistiques

Statistiques générales
  • Ce quiz a été pris 1 110 fois
  • Le résultat moyen est 4 sur 10
Réponses sur la Carte
Les réponses sont colorées sur une échelle allant du rouge au vert en fonction du pourcentage des utilisateurs qui les ont devinées à leur premier essai. Vous pouvez retrouver ces pourcentages ci-dessous.
 
Statistiques - réponses
Réponse % Correct
Panneaux "Stop" à Paris
61%
Incisives en moyenne chez l'adulte
47%
Mots finissant en "ou" au singulier et en "oux" au pluriel
43%
Albums des Aventures de Tintin
42%
Présidents américains ayant fait plus de 2 mandats
40%
Cases "terrains" dans une édition standard du Monopoly
35%
Cantons en Suisse
34%
Langues officielles en Afrique du Sud
33%
Ligue des Champions de football remportées par un club portugais
32%
Films dans la série Le Gendarme
31%
Aucun quiz correspondant
Distribution des résultats
% des personnes avec chaque résultat
Percentile par nombre de réponses
Votre historique - résultats
Vous n’avez pas pris ce quiz